000
00331 a2200157 4500
001
188404
020
_a
84-348-5066-4
040
_c
Magnum
100
_a
Trenor, Gonzalo Moure
240
1
0
_a
Lili, libertad
_l
ESP
245
1
0
_a
Lili, libertad
300
_a
109
362
0
_a
2005
697
_a
LITERATURA ESPANHOLA
942
_c
BK
999
_c
188404
_d
188404